Design process & communications : a case study /

Bibliographic Details
Main Author: Straub, Calvin C.
Format: Book
Language:English
Published: Dubuque, Iowa : Kendall/Hunt, [1978]
Subjects:

MARC

Tag First Indicator Second Indicator Subfields
LEADER 00000cam a2200000 a 4500
001 in00000072514
005 20151008053434.0
008 790802s1978 iaua 00010 eng d
035 |a (OCoLC)05235146 
035 |9 AAH7429AM 
040 |a NOC  |c NOC  |d TXA  |d UtOrBLW 
049 |a TXAM  |c [1406817] 
090 |a NA2750  |b .S872 1978 
100 1 |a Straub, Calvin C. 
245 1 0 |a Design process & communications :  |b a case study /  |c Calvin C. Straub. 
264 1 |a Dubuque, Iowa :  |b Kendall/Hunt,  |c [1978] 
264 4 |c ©1978 
300 |a vii, 80 pages :  |b illustrations ;  |c 28 x 43 cm. 
336 |a text  |b txt  |2 rdacontent 
337 |a unmediated  |b n  |2 rdamedia 
338 |a volume  |b nc  |2 rdacarrier 
650 0 |a Architectural design. 
650 0 |a Communication in architectural design. 
999 |a MARS 
999 f f |s 205139de-9872-3d71-85eb-14d074957d9b  |i c7bb7249-1150-3f55-8d12-85c8e43156de  |t 0 
952 f f |p ric  |a Texas A&M University  |b Rellis Campus  |c Joint Library Facility  |d Remote Storage  |t 0  |e NA2750 .S872 1978  |f Oversize  |h Library of Congress classification  |i unmediated -- volume  |m A14830962289 
998 f f |a NA2750 .S872 1978  |t 0  |l Remote Storage